[Event "Berlin-ch Seniors op 34th"]
[Site "Berlin"]
[Date "2018.02.06"]
[Round "7"]
[White "Gaertner, Michael"]
[Black "Bremer, Helmut"]
[Result "1-0"]
[WhiteElo "1766"]
[BlackElo "1589"]
[PlyCount "47"]
[EventDate "2018.01.30"]
[EventType "swiss"]
[EventRounds "9"]
[EventCountry "GER"]
[SourceTitle "EXT 2020"]
[Source "ChessBase"]
[SourceDate "2019.10.17"]
[SourceVersion "1"]
[SourceVersionDate "2019.10.17"]
[SourceQuality "1"]

1. e4 e6 2. d4 d6 3. c4 Nc6 4. Nf3 Be7 5. Nc3 Nf6 6. Bd3 g6 7. h3 0-0 8. Qd2 a6 9. Qh6 Nh5 10. g4 Ng7 11. h4 f6 12. h5 g5 13. e5 f5 14. Nxg5 Bxg5 15. Bxg5 Qe8 16. Bf6 Rf7 17. g5 Rd7 18. g6 Nxh5 19. Rxh5 Qxg6 20. Rg5 Nxd4 21. Rxg6+ hxg6 22. Qh8+ Kf7 23. Qg7+ Ke8 24. Qg8# 1-0

[Event "Berlin-ch Seniors op 34th"]
[Site "Berlin"]
[Date "2018.02.05"]
[Round "6"]
[White "Bremer, Helmut"]
[Black "Brinckmann, Klaus"]
[Result "1/2-1/2"]
[WhiteElo "1589"]
[BlackElo "1689"]
[PlyCount "62"]
[EventDate "2018.01.30"]
[EventType "swiss"]
[EventRounds "9"]
[EventCountry "GER"]
[SourceTitle "EXT 2020"]
[Source "ChessBase"]
[SourceDate "2019.10.17"]
[SourceVersion "1"]
[SourceVersionDate "2019.10.17"]
[SourceQuality "1"]

1. e4 c5 2. f4 d5 3. e5 Nc6 4. Nf3 Bg4 5. Bb5 a6 6. Bxc6+ bxc6 7. 0-0 e6 8. Qe1 c4 9. Nc3 Bc5+ 10. Kh1 Ne7 11. b3 cxb3 12. axb3 0-0 13. Na4 Bb4 14. c3 Ba5 15. Ba3 Re8 16. b4 Bxf3 17. Rxf3 Bb6 18. d4 g6 19. Nb2 Nf5 20. g3 h5 21. Nd3 Qc8 22. Nf2 Bd8 23. Qg1 Be7 24. g4 Ng7 25. gxh5 Nxh5 26. Bc1 Bf8 27. Rh3 Bg7 28. Bd2 a5 29. Ng4 axb4 30. cxb4 Rxa1 31. Qxa1 Qa8 1/2-1/2

[Event "Berlin-ch Seniors op 23rd"]
[Site "Berlin"]
[Date "2007.02.10"]
[Round "6"]
[White "Rollwitz, Inge"]
[Black "Bremer, Helmut"]
[Result "1-0"]
[WhiteElo "1288"]
[BlackElo "1215"]
[PlyCount "49"]
[EventDate "2007.02.05"]
[EventType "swiss"]
[EventRounds "9"]
[EventCountry "GER"]
[SourceTitle "EXT 2022"]
[Source "ChessBase"]
[SourceDate "2021.10.06"]
[SourceVersion "1"]
[SourceVersionDate "2021.10.06"]
[SourceQuality "1"]

1. c4 e5 2. Nc3 Bb4 3. Nf3 d6 4. g3 Be6 5. b3 Bxc3 6. dxc3 Bg4 7. Bg2 Qd7 8. 0-0 e4 9. Nd4 f5 10. f3 exf3 11. exf3 Bh5 12. Qe1+ Ne7 13. Ne6 Kf7 14. Ng5+ Kf6 15. Qe3 Re8 16. Nxh7+ Kg6 17. Qg5+ Kxh7 18. Qxh5+ Kg8 19. Bg5 Nbc6 20. Rae1 Ne5 21. f4 g6 22. Qh4 N7c6 23. Bd5+ Nf7 24. Bf6 Ncd8 25. Qh8# 1-0